Gaming Quiz

Random Gaming or World Quiz
Score 0/16 Timer 10:00
0 Plays Today
Hint Answer % Correct
Metropolis; Villain only; Midtown; Flying female superhero with blond hair, heat vision, and a white costumePower Girl
91.3%
Metropolis; Metropolis General Hospital in Little Bohemia; has Freeze visionBizarro
89.1%
Gotham; Hero only; Botanical Gardens; hulking undeadSolomon Grundy
89.1%
Metropolis; Villain only; Midtown; Winged male and female superheroesHawkman and Hawkgirl
84.8%
Gotham; Villain only; Mercy hospital; Male female team with sonic cryBlack Canary and Green Arrow
82.6%
Metropolis; Villain only; Midtown; on roof, summons AnkhsDoctor Fate
80.4%
Gotham; Villain only; Robinson Park; speedily fighting cultistsFlash
80.4%
Metropolis; Historic District; surrounded by green and yellow lanternsArkillo/Kilowog
78.3%
Hint Answer % Correct
Gotham; Amusement Mile; has a dance stunFull House
71.7%
Gotham; Knightsdome Arena; surrounded by OMACsKiller Frost/Fire
71.7%
Metropolis; Tomorrow District; surrounded by Bestiamorphs and AmazonsMinotaur/Enchanted Statue
69.6%
Metropolis; Hero only; Ellsworth Memorial Hospital; large demonAvatar of Sin
56.5%
Gotham; Hero only; East end; appears at first as 'Odd-Looking Joker Goon'Clayface
56.5%
Metropolis; Hero only; Glenmorgan square; looks like the Grim ReaperThe Judge
54.3%
Gotham; Gotham University; giant mummyNepheritos
43.5%
Metropolis; Hero only; Suicide Slums; surrounded by Tigersharks and AtlanteansGeneral Kordax
39.1%
Remove Ads.
Support Sporcle.
Get the best of Sporcle when you Go Orange. This ad-free experience offers more features, more stats, and more fun while also helping to support Sporcle. Thank you for becoming a member.

You're not logged in!

Compare scores with friends on all Sporcle quizzes.
OR
Log In

Show Comments

Extras

Top Quizzes Today


Score Distribution

Your Account Isn't Verified!

In order to create a playlist on Sporcle, you need to verify the email address you used during registration. Go to your Sporcle Settings to finish the process.

Report this User

Report this user for behavior that violates our Community Guidelines.

Details: